| 000 | 00339 a2200133 4500 | ||
|---|---|---|---|
| 999 |
_c322688 _d322688 |
||
| 001 | 87615 | ||
| 003 | NUST | ||
| 005 | 20180124123648.0 | ||
| 008 | 180124b xxu||||| |||| 00| 0 eng d | ||
| 082 | _a662.2 ZUK | ||
| 100 |
_aJonas A. Zukas, William P. Walters _99697 |
||
| 245 |
_aExplosive Effects and Applications _hEnglish |
||
| 250 | _a1st | ||
| 260 |
_aNewyork _bSpringer _c2003 |
||
| 300 | _a431p, XIII | ||
| 942 |
_aCAE NUST _cBK _k662.2 ZUK _2ddc |
||